1897 1654 1998 1653 1044 1118 1630 1051 1113 1767 1355 1926 1284 1612 1736 1373 1725 1723 1501 1743 1322 1762 1489 1321 1311 1800 1340 1423 1511 1231 1804 1878 1633 1252 1977 1681 1856 1250 1254 1947 1659 1231 1472 1622 1690 1228 1459 1022 1708 1226 1269 1983 1348 1469 1803 1168 1162 1460 1053 1618 1937 1237 1954 1487 1535 1345 1620 1929 1560 1570 1815 1825 1137 1612 1367 1935 1076 1699 1432 1690 1900 1771 1362 1487 1098 1285 1795 1890 1394 1123 1732 1064 1230 1838 1951 1630 1563 1369 1100 BCNSPRNW ULIB Ver.6.0+V

เปลี่ยนเป็นภาษาไทย

Change to English
 แสดงรายละเอียดบรรณานุกรม
  กลับหน้าหลัก

Brief Record : Get Marc (ISO 2709) : E-mail record : QR code < ปิดหน้าต่าง
LEADER : 00000nam 2200000uu 4500
001    13399108803
003     ULIB
008    110315s2545||||th 000 0 tha d
020    9746114336 (ล.3)
060 04 WY150^bม246ก 2545 ล.3
245 10 กรณีเลือกสรรการพยาบาลเพื่อการฟื้นฟูสภาพ หน่วยที่ 11-15 =^bSelected casestudy on rehabilitation nursing /^cลั่นทม เศรษฐกร ... [และคนอื่นฯ]
246 31 Selected case study on rehabilitation nursing
250    พิมพ์ครั้งที่ 14
260    [นนทบุรี] :^bสาขาวิชาวิทยาศาสตร์สุขภาพมหาวิทยาลัยสุโขทัยธรรมาธิราช,^c2545
300    หน่วยที่ 11-15= 470 หน้า :^bภาพประกอบ ;^c30 ซม.
500    "เอกสารการสอนชุดวิชา 51404 หน่วยที่ 1-5, 6-10, 11-15"--หน้าปกใน
650  7 การฟื้นฟูสมรรถภาพ^xการพยาบาล
650  7 กายภาพบำบัด
700 0  ลั่นทม เศรษฐกร
710 2  มหาวิทยาลัยสุโขทัยธรรมาธิราช. ^bสาขาวิชาวิทยาศาสตร์สุขภาพ
945    ^p245^l0^i022714
945    ^p245^l0^i022713
945    ^p245^l0^i022712
945    ^p245^l0^i022711
995    เกษร
999 ^a ใช้งานได้ทุกระบบ
รายการนี้ยังไม่มีแท็ก
คุณยังไม่ได้ล็อกอิน คุณสามารถมีกิจกรรมร่วมกับเว็บไซต์ได้ แต่ต้องล็อกอินก่อน ::
  ล็อกอิน

รายการสื่อสารสนเทศ

ลำดับที่ ประเภท เลขเรียก/บาร์โค้ด สถานที่ สถานะ
- ไม่พบข้อมูล -

รายการใกล้เคียง
    หัวเรื่อง [กายภาพบำบัด]

BibComment


ยังไม่เคยถูกคอมเมนท์

คอมเมนท์ทรัพยากรรายการนี้
  คอมเมนท์: กรณีเลือกสรรการพย..


 Copyright 2026. Bcnsprnw @Library